Missing Word: Football in Movie Titles Quiz Stats

 Plays Quiz Updated Oct 19, 2014

Challenge
Share
Tweet
Embed
Score 0/14 Timer 02:00
0 Plays Today
Movie Title Answer % Correct
The A-____Team
95.6%
____ and Out in Beverly HillsDown
80%
Monster's ____Ball
80%
____ Misty for MePlay
69.5%
___ of DaysEnd
62.6%
______ CarterCoach
59.1%
___ Silent, ___ DeepRun
59%
Movie Title Answer % Correct
French _______Quarter
38%
______ in NumbersSafety
19.7%
Angels in the _______Endzone
18.5%
The Perfect ______Score
13%
The Steel ______Helmet
4.7%
The ______ of the WorldCenter
4.7%
The World's Greatest ______Kicker
4.1%

Today's Daily Dose

You're not logged in!

Compare scores with friends on all Sporcle quizzes.
Join for Free
OR
Log In

You Might Also Like...

Show Comments

Extras

Top Quizzes Today


Score Distribution

Your Account Isn't Verified!

In order to create a playlist on Sporcle, you need to verify the email address you used during registration. Go to your Sporcle Settings to finish the process.

Report this User

Report this user for behavior that violates our Community Guidelines.

Details: